| 000 | 00646nam a2200229 a 4500 | ||
|---|---|---|---|
| 001 | 38632 | ||
| 003 | BD-RjUL | ||
| 005 | 20211209052830.0 | ||
| 008 | 160130b1982 pk ||||| |||| 00| 0 urd d | ||
| 035 | _a(BD-RjUL)38740 | ||
| 040 |
_aBD-RjUL _burd _cBD-RjUL |
||
| 041 | _aurd | ||
| 082 |
_220 _a891.433 _bEMA 1982 |
||
| 100 |
_aEmdadul haque , qazi _9119237 |
||
| 245 |
_aAbdullah / _cqazi Emdadul Haque |
||
| 250 | _a2nd . ed. | ||
| 260 |
_akarachi : _badarah matbuat -i pakistan, _c1982. |
||
| 300 |
_a384 p. ; _c24 cm. |
||
| 650 |
_aurdu literature _vfiction _9119238 |
||
| 700 |
_aAbdul haque , Abul farah muhammad _9119239 |
||
| 942 |
_2ddc _cBK |
||
| 999 |
_c38632 _d38632 |
||